Statistics for Kevin Costner Movies by Clue

Click here to take the quiz!

General Stats

  • This quiz has been taken 146 times
  • The average score is 9 of 15

Answer Stats

ClueMovie% Correct
If you build it, he will come.Field of Dreams
96%
An army lieutenant travels to the American frontier, gaining respect for the Sioux.Dances with Wolves
94%
In conflict with the Sheriff of NottinghamRobin Hood: Prince of Thieves
92%
A former Secret Service agent is hired to protect a pop music star from an unknown stalker.The Bodyguard
87%
In a distant marine future, some have mutated to possess gills and webbed feet.Waterworld
76%
Bringing Al Capone to justiceThe Untouchables
74%
D.A. Jim Garrison files charges against a businessman for conspiring to kill the President.JFK
66%
Romantic comedy revolving around golfTin Cup
65%
Costner plays the title character, a lawman in the Old West who fought at the OK Corral.Wyatt Earp
63%
Costner plays a Kansas man who adopts a mysterious boy named Clark with special powers.Man of Steel
57%
A man inspires hope by claiming to be a mail deliverer of the Restored United States of America.The Postman
57%
Romantic comedy revolving around minor-league baseballBull Durham
53%
The story of Katherine Johnson, who calculated flight trajectories for NASA's Project MercuryHidden Figures
36%
Involves a plot to rob the Riviera Casino during a convention of Elvis impersonators3000 Miles to Graceland
21%
A grieving doctor is possibly contacted by his late wife through his patients' near-death experience.Dragonfly
8%

Score Distribution

Percentile by Number Answered

Percent of People with Each Score

Your Score History

You have not taken this quiz